[Event "Österreichische Meisterschaften"]
[Site "Imst"]
[Date "2008.03.17"]
[Round "1.1"]
[White "Singer, Gerald"]
[Black "Binder, Michael"]
[Result "1/2-1/2"]
[WhiteElo "1869"]
[BlackElo "2175"]
[PlyCount "55"]
[EventDate "2008.03.17"]

1. d4 Nf6 2. c4 e6 3. Nf3 b6 4. g3 Ba6 5. Nbd2 Bb7 6. Bg2 c5 7. O-O Be7 8. e4
d6 9. d5 e5 10. Nh4 g6 11. b3 Nh5 12. Nhf3 Nd7 13. Bb2 Qc7 14. a3 O-O-O 15. b4
Ng7 16. Qa4 Kb8 17. Qb3 h5 18. h4 f6 19. a4 cxb4 20. Qxb4 a5 21. Qa3 g5 22.
Rab1 Nf8 23. Qe3 g4 24. Ne1 Nd7 25. Nd3 Ba6 26. Rfc1 Rc8 27. Ba3 f5 28. Nxe5
1/2-1/2

[Event "Österreichische Meisterschaften"]
[Site "Imst"]
[Date "2008.03.17"]
[Round "1.2"]
[White "Halvax, Georg"]
[Black "Stagl, Marco"]
[Result "1-0"]
[WhiteElo "2140"]
[BlackElo "1845"]
[PlyCount "37"]
[EventDate "2008.03.17"]

1. e4 d5 2. exd5 Qxd5 3. Nc3 Qa5 4. d4 c6 5. Bc4 Bf5 6. Nf3 Nf6 7. Bd2 e6 8.
Ne4 Qc7 9. Ng3 Bg6 10. h4 h6 11. Ne5 Bh7 12. Bf4 Bd6 13. Nh5 Nxh5 14. Qxh5 O-O
15. Rh3 Nd7 16. Rg3 Nf6 17. Qxh6 Ne8 18. O-O-O Kh8 19. Qh5 1-0

[Event "Österreichische Meisterschaften"]
[Site "Imst"]
[Date "2008.03.17"]
[Round "1.3"]
[White "Hillbrand, Johannes"]
[Black "Schreiner, Peter"]
[Result "0-1"]
[WhiteElo "1840"]
[BlackElo "2128"]
[PlyCount "54"]
[EventDate "2008.03.17"]

1. e4 c5 2. Nf3 d6 3. d4 cxd4 4. Nxd4 Nf6 5. Nc3 g6 6. Be3 Bg7 7. f3 Nc6 8. Qd2
O-O 9. O-O-O d5 10. exd5 Nxd5 11. Nxc6 bxc6 12. Bd4 e5 13. Bc5 Be6 14. Ne4 Qc7
15. Bc4 Rfd8 16. Qe1 h6 17. g4 Rab8 18. h4 f5 19. gxf5 gxf5 20. Ng3 e4 21. Bb3
Qf4+ 22. Kb1 Qxf3 23. Bxa7 Nc3+ 24. bxc3 Rxd1+ 25. Qxd1 Qxc3 26. Kc1 e3 27.
Bxe6+ Kh8 0-1

[Event "Österreichische Meisterschaften"]
[Site "Imst"]
[Date "2008.03.17"]
[Round "1.4"]
[White "Schnegg, Daniel"]
[Black "Menezes, Christoph"]
[Result "1-0"]
[WhiteElo "2102"]
[BlackElo "1776"]
[PlyCount "67"]
[EventDate "2008.03.17"]

1. e4 c5 2. Nf3 d6 3. d4 cxd4 4. Nxd4 Nf6 5. Nc3 a6 6. Bc4 e6 7. Bb3 Be7 8. O-O
O-O 9. Be3 Qc7 10. f4 Nbd7 11. Qf3 Nc5 12. f5 e5 13. Nde2 b5 14. Nd5 Nxd5 15.
Bxd5 Bb7 16. Nc3 b4 17. Bxb7 Qxb7 18. Nd5 f6 19. Bxc5 dxc5 20. Qb3 Kh8 21. c4
Rfb8 22. Rad1 Ra7 23. Rf3 a5 24. a4 bxa3 25. Nxe7 Qc7 26. Qxb8+ Qxb8 27. Nc6
Qc7 28. Nxa7 g5 29. Nb5 Qc6 30. bxa3 Qxe4 31. Nd6 Qe2 32. Rfd3 Kg7 33. Ne8+ Kh6
34. Rh3+ 1-0

[Event "Österreichische Meisterschaften"]
[Site "Imst"]
[Date "2008.03.17"]
[Round "1.5"]
[White "Dalnodar, Bernhard"]
[Black "Hartl, Daniel"]
[Result "0-1"]
[WhiteElo "1722"]
[BlackElo "2096"]
[PlyCount "96"]
[EventDate "2008.03.17"]

1. d4 d5 2. c4 c6 3. Nc3 Nf6 4. Nf3 dxc4 5. a4 Bf5 6. e3 e6 7. Bxc4 Bb4 8. O-O
Nbd7 9. Qe2 O-O 10. e4 Bg4 11. h3 Bxf3 12. gxf3 Qc7 13. e5 Nd5 14. Bxd5 exd5
15. f4 f5 16. Bd2 Qb6 17. Be3 Rae8 18. Kh2 Rf7 19. Rg1 Nf8 20. Rg3 Ne6 21. Qd3
Kh8 22. Qd1 g6 23. h4 Ng7 24. Rg5 Be7 25. Rg3 Bxh4 26. Rh3 Bd8 27. Rb1 Ne6 28.
Ne2 Rg8 29. b4 a6 30. Nc3 Qc7 31. b5 axb5 32. axb5 g5 33. bxc6 bxc6 34. Rc1 Qd7
35. Ne2 Rg6 36. fxg5 f4 37. Qd3 Kg7 38. Bd2 Nxg5 39. Nxf4 Nxh3 40. e6 Nxf4 41.
Qxg6+ Nxg6 42. exd7 Rxf2+ 43. Kg1 Rxd2 44. Rxc6 Nf8 45. Rc8 Ne6 46. Rc6 Kf7 47.
Rc3 Rxd4 48. Rh3 Rh4 0-1

[Event "Österreichische Meisterschaften"]
[Site "Imst"]
[Date "2008.03.17"]
[Round "1.6"]
[White "Schnegg, Martin"]
[Black "Dimitriadis, Philipp"]
[Result "1-0"]
[WhiteElo "2057"]
[BlackElo "1696"]
[PlyCount "63"]
[EventDate "2008.03.17"]

1. e4 e5 2. Nf3 Nc6 3. d4 exd4 4. Bc4 Bb4+ 5. c3 dxc3 6. O-O Nge7 7. bxc3 Bc5
8. Ng5 O-O 9. Qh5 h6 10. Nxf7 Rxf7 11. Qxf7+ Kh8 12. Qh5 d5 13. exd5 Na5 14.
Bd3 Bd7 15. Be3 Bd6 16. Nd2 Qe8 17. Qxe8+ Rxe8 18. c4 b6 19. Bd4 Nf5 20. Bc3
Nb7 21. Rfe1 Rf8 22. a3 Nc5 23. Bc2 c6 24. Ne4 Nxe4 25. Bxe4 cxd5 26. Bxd5 Bc5
27. Bb4 Bxb4 28. axb4 Nd4 29. Rxa7 Bc6 30. Bxc6 Nxc6 31. Rb7 Nxb4 32. Rxb6 1-0

[Event "Österreichische Meisterschaften"]
[Site "Imst"]
[Date "2008.03.17"]
[Round "1.7"]
[White "Gerhold, Christoph"]
[Black "Azad, Razik"]
[Result "0-1"]
[WhiteElo "1689"]
[BlackElo "2045"]
[PlyCount "72"]
[EventDate "2008.03.17"]

1. c4 e5 2. Nc3 Nf6 3. g3 Bb4 4. Bg2 O-O 5. d3 Nc6 6. Nf3 d6 7. O-O Bg4 8. h3
Be6 9. Bg5 h6 10. Bxf6 Qxf6 11. Ne4 Qe7 12. a3 Ba5 13. b4 Bb6 14. Rc1 f5 15.
Ned2 f4 16. Kh2 fxg3+ 17. fxg3 Be3 18. Qc2 Rf7 19. Rcd1 Rd8 20. Nb3 Nd4 21.
Nbxd4 exd4 22. c5 g5 23. cxd6 cxd6 24. Qb2 g4 25. Nxd4 Rxf1 26. Bxf1 Qf6 27.
Bg2 Bxd4 28. Qd2 gxh3 29. Bxh3 Qf2+ 30. Bg2 Be3 31. Qc3 Bd5 32. Kh3 Qxg2+ 33.
Kh4 Qh2+ 34. Kg4 Qxe2+ 35. Kh4 Bg5+ 36. Kh3 Qh5# 0-1

[Event "Österreichische Meisterschaften"]
[Site "Imst"]
[Date "2008.03.17"]
[Round "1.8"]
[White "Wertjanz, David"]
[Black "Nussbaumer, Daniel"]
[Result "1/2-1/2"]
[WhiteElo "2031"]
[BlackElo "1642"]
[PlyCount "72"]
[EventDate "2008.03.17"]

1. e4 Nf6 2. e5 Nd5 3. d4 d6 4. c4 Nb6 5. exd6 exd6 6. Nc3 Nc6 7. Be3 Be7 8.
Qf3 O-O 9. O-O-O Bg5 10. h4 Bxe3+ 11. Qxe3 Ne7 12. Nf3 Bg4 13. Bd3 f5 14. Qe6+
Kh8 15. Rde1 Bxf3 16. Qxe7 Bc6 17. Qxd8 Raxd8 18. f3 Nc8 19. Kd2 b6 20. Re2 d5
21. cxd5 Bxd5 22. Re5 Bf7 23. Bxf5 Rxd4+ 24. Ke3 c5 25. Re4 Nd6 26. Bxh7 Kxh7
27. Rxd4 Nf5+ 28. Kd3 Nxd4 29. b3 Rd8 30. Ke3 Nf5+ 31. Kf4 Kg6 32. h5+ Kf6 33.
Ne4+ Ke6 34. Ng5+ Kf6 35. Ne4+ Ke6 36. Ng5+ Kf6 1/2-1/2

[Event "Österreichische Meisterschaften"]
[Site "Imst"]
[Date "2008.03.17"]
[Round "1.9"]
[White "Allram, Sebastian"]
[Black "Hofmann, Thomas"]
[Result "0-1"]
[WhiteElo "1632"]
[BlackElo "1944"]
[PlyCount "94"]
[EventDate "2008.03.17"]

1. c4 e5 2. g3 Nf6 3. Bg2 Nc6 4. Nc3 b6 5. b4 Bxb4 6. Rb1 Be7 7. Nf3 Rb8 8. O-O
O-O 9. Nd5 Bb7 10. Bb2 d6 11. Nxe7+ Qxe7 12. d3 Nd7 13. Nd2 f5 14. Bd5+ Kh8 15.
Bc3 Rf6 16. e3 Rh6 17. Qf3 Nd8 18. Bxb7 Nxb7 19. Rfe1 Qg5 20. Nf1 Nbc5 21. Red1
Nf6 22. d4 e4 23. Qf4 Qxf4 24. exf4 Nd3 25. Ne3 Rg6 26. Rxd3 exd3 27. Nxf5 Ne4
28. Bb2 Rf8 29. Ne3 Rxf4 30. Rf1 Nd2 31. Rd1 Nf3+ 32. Kg2 Rf8 33. Bc3 Rh6 34.
Nf1 Rhf6 35. Rxd3 Nh4+ 36. Kh3 Rxf2 37. Nd2 Nf3 38. g4 Nxd2 39. Bxd2 R8f3+ 40.
Rxf3 Rxf3+ 41. Kg2 Ra3 42. Bb4 Rxa2+ 43. Kg3 a5 44. Bxd6 cxd6 45. h4 a4 46. g5
a3 47. h5 Rd2 0-1

[Event "Österreichische Meisterschaften"]
[Site "Imst"]
[Date "2008.03.17"]
[Round "1.10"]
[White "Riemelmoser, Stefan"]
[Black "Müller, Florian"]
[Result "1-0"]
[WhiteElo "1880"]
[BlackElo "1508"]
[PlyCount "63"]
[EventDate "2008.03.17"]

1. e4 c5 2. Nf3 Nc6 3. d4 cxd4 4. Nxd4 g6 5. c4 Bg7 6. Be3 Nf6 7. Nc3 a6 8. Be2
O-O 9. O-O d6 10. f3 Rb8 11. Qd2 Nxd4 12. Bxd4 Re8 13. b4 Bd7 14. a4 e6 15.
Rab1 Rc8 16. Rfc1 Qc7 17. a5 e5 18. Bb6 Qb8 19. Nd5 Nxd5 20. Qxd5 Be6 21. Qd2
f5 22. b5 axb5 23. cxb5 Rxc1+ 24. Rxc1 Rc8 25. Rc3 fxe4 26. fxe4 Rxc3 27. Qxc3
Qc8 28. Qxc8+ Bxc8 29. h3 Bd7 30. Bc4+ Kf8 31. a6 Bxb5 32. axb7 1-0

[Event "Österreichische Meisterschaften"]
[Site "Imst"]
[Date "2008.03.17"]
[Round "2.1"]
[White "Azad, Razik"]
[Black "Halvax, Georg"]
[Result "1/2-1/2"]
[WhiteElo "2045"]
[BlackElo "2140"]
[PlyCount "34"]
[EventDate "2008.03.17"]

1. e4 c5 2. Nf3 Nc6 3. d4 cxd4 4. Nxd4 Nf6 5. Nc3 e5 6. Ndb5 d6 7. Bg5 a6 8.
Na3 b5 9. Nd5 Be7 10. Bxf6 Bxf6 11. c4 b4 12. Nc2 Rb8 13. b3 O-O 14. g3 Bg5 15.
h4 Bh6 16. g4 g6 17. Bd3 Bg7 1/2-1/2

[Event "Österreichische Meisterschaften"]
[Site "Imst"]
[Date "2008.03.17"]
[Round "2.2"]
[White "Schreiner, Peter"]
[Black "Schnegg, Martin"]
[Result "1-0"]
[WhiteElo "2128"]
[BlackElo "2057"]
[PlyCount "63"]
[EventDate "2008.03.17"]

1. e4 c5 2. Nf3 d6 3. d4 cxd4 4. Nxd4 Nf6 5. Nc3 Nc6 6. f3 e5 7. Nb3 Be7 8. Be3
O-O 9. Qd2 a5 10. Bb5 Na7 11. Bxa7 Rxa7 12. Rd1 Be6 13. a4 Ra8 14. O-O Qc8 15.
Kh1 Rd8 16. Nd5 Nxd5 17. exd5 Bf5 18. Nxa5 Qxc2 19. Qb4 Qc7 20. Nc4 Bg5 21. Rf2
Qe7 22. Re1 Qf6 23. Qb3 Rac8 24. Rfe2 h5 25. Nb6 Rc7 26. Bd3 Bf4 27. Bxf5 Qxf5
28. g3 Bg5 29. Kg2 Kh8 30. Nc4 Qg6 31. Qc2 f5 32. Nxe5 1-0

[Event "Österreichische Meisterschaften"]
[Site "Imst"]
[Date "2008.03.17"]
[Round "2.3"]
[White "Hofmann, Thomas"]
[Black "Schnegg, Daniel"]
[Result "1/2-1/2"]
[WhiteElo "1944"]
[BlackElo "2102"]
[PlyCount "44"]
[EventDate "2008.03.17"]

1. e4 c5 2. Nf3 d6 3. d4 cxd4 4. Qxd4 Nc6 5. Bb5 Bd7 6. Bxc6 Bxc6 7. c4 Nf6 8.
Nc3 g6 9. Be3 Bg7 10. Qd3 O-O 11. O-O b6 12. Rab1 Nd7 13. b4 Bxc3 14. Qxc3 Bxe4
15. Bh6 Nf6 16. Rbe1 Bxf3 17. Bxf8 Qxf8 18. Qxf3 Rc8 19. Rc1 Rc7 20. Rc2 Nd7
21. Rfc1 Qc8 22. Qe2 Ne5 1/2-1/2

[Event "Österreichische Meisterschaften"]
[Site "Imst"]
[Date "2008.03.17"]
[Round "2.4"]
[White "Hartl, Daniel"]
[Black "Riemelmoser, Stefan"]
[Result "1/2-1/2"]
[WhiteElo "2096"]
[BlackElo "1880"]
[PlyCount "111"]
[EventDate "2008.03.17"]

1. g3 d5 2. Bg2 Nf6 3. Nf3 e6 4. O-O Be7 5. c4 O-O 6. b3 b6 7. Bb2 Nbd7 8. d3
Bb7 9. Nbd2 c5 10. cxd5 Bxd5 11. Qc2 Rc8 12. Nc4 Rc7 13. Nfe5 Bxg2 14. Kxg2
Nxe5 15. Bxe5 Rc8 16. Qb2 Ne8 17. Rfd1 Bf6 18. d4 Qe7 19. Rac1 cxd4 20. Qxd4 b5
21. Bxf6 Nxf6 22. Ne5 h6 23. f3 Nd5 24. Nc6 Qa3 25. e4 Ne7 26. Nxe7+ Qxe7 27.
Qe3 Rfd8 28. Rxd8+ Rxd8 29. Rc2 Qd7 30. Qe2 a6 31. Kf1 Qd4 32. Kg2 Qd7 33. f4
Qd4 34. Kf3 Qg1 35. Rd2 Rxd2 36. Qxd2 Qa1 37. e5 Qb1 38. Ke3 Qg1+ 39. Kd3 Qc5
40. Ke4 Qc6+ 41. Ke3 Qc5+ 42. Kf3 Qc6+ 43. Kg4 Qe4 44. Kh3 Qf3 45. Qc2 Kh8 46.
a4 bxa4 47. bxa4 a5 48. Qd2 Qa8 49. Qd7 Kg8 50. Qb5 g6 51. Qd7 Qf3 52. Qd8+ Kh7
53. Qxa5 Qf1+ 54. Kh4 Qe2 55. Kh3 Qf1+ 56. Kh4 1/2-1/2

[Event "Österreichische Meisterschaften"]
[Site "Imst"]
[Date "2008.03.17"]
[Round "2.5"]
[White "Binder, Michael"]
[Black "Wertjanz, David"]
[Result "1/2-1/2"]
[WhiteElo "2175"]
[BlackElo "2031"]
[PlyCount "115"]
[EventDate "2008.03.17"]

1. e4 c5 2. Nf3 d6 3. d4 cxd4 4. Nxd4 Nf6 5. Nc3 a6 6. Bg5 e6 7. f4 Be7 8. Qf3
h6 9. Bh4 Nbd7 10. O-O-O Qc7 11. Bd3 g5 12. fxg5 Ne5 13. Qe2 Nfg4 14. Nf3 hxg5
15. Bg3 Nxf3 16. gxf3 Ne5 17. Qf2 Bd7 18. Ne2 O-O-O 19. Nd4 Kb8 20. Be2 Rc8 21.
Kb1 Qb6 22. Ka1 Rhd8 23. c3 Be8 24. h4 gxh4 25. Bxh4 Bxh4 26. Qxh4 Nc6 27. Qf6
d5 28. e5 Rd7 29. Qg5 Rdc7 30. Qe3 Nxd4 31. Rxd4 Bb5 32. Bxb5 Qxb5 33. Rg4 Rc4
34. Rxc4 Qxc4 35. Rg1 Qh4 36. a3 Qh3 37. Rg4 Qf1+ 38. Ka2 Qb5 39. Rb4 Qc6 40.
Qg5 Qd7 41. Rf4 Rc7 42. Qg7 Ka7 43. Qf8 Qe7 44. Qxe7 Rxe7 45. Kb3 Kb6 46. Kc2
f5 47. exf6 Rf7 48. Kd3 Kc6 49. c4 dxc4+ 50. Rxc4+ Kd6 51. Rd4+ Ke5 52. f4+
Kxf6 53. Ke4 Rc7 54. Rb4 b5 55. b3 Rc1 56. a4 bxa4 57. Rxa4 Rc6 58. Ra5 1/2-1/2

[Event "Österreichische Meisterschaften"]
[Site "Imst"]
[Date "2008.03.17"]
[Round "2.6"]
[White "Nussbaumer, Daniel"]
[Black "Singer, Gerald"]
[Result "0-1"]
[WhiteElo "1642"]
[BlackElo "1869"]
[PlyCount "78"]
[EventDate "2008.03.17"]

1. e4 c6 2. d4 d5 3. exd5 cxd5 4. Bd3 Nc6 5. c3 Nf6 6. Bf4 Bg4 7. Qb3 Qd7 8.
Nd2 e6 9. Ngf3 Bxf3 10. Nxf3 Be7 11. Ne5 Qc8 12. h3 O-O 13. O-O Nxe5 14. dxe5
Nd7 15. Qc2 h6 16. Qd1 Nc5 17. Bc2 f5 18. exf6 Bxf6 19. Qg4 Bg5 20. Bxg5 hxg5
21. Qxg5 Rf6 22. f4 Qc7 23. Kh1 Raf8 24. g3 e5 25. f5 e4 26. b4 Ne6 27. Qg4
Qxc3 28. Bb3 Qe5 29. Rfd1 Nd4 30. Rxd4 Qxd4 31. Rd1 Rxf5 32. Qe2 Rf2 33. Rxd4
Rxe2 34. Kg1 Re1+ 35. Kg2 e3 36. g4 Rf2+ 37. Kg3 Rg1+ 38. Kh4 e2 39. Rxd5 Kf8
0-1

[Event "Österreichische Meisterschaften"]
[Site "Imst"]
[Date "2008.03.17"]
[Round "2.7"]
[White "Stagl, Marco"]
[Black "Gerhold, Christoph"]
[Result "1-0"]
[WhiteElo "1845"]
[BlackElo "1689"]
[PlyCount "63"]
[EventDate "2008.03.17"]

1. d4 d5 2. g3 Nf6 3. Bg2 c6 4. Nf3 Bf5 5. O-O e6 6. c4 Nbd7 7. b3 Bd6 8. Ba3
Bxa3 9. Nxa3 O-O 10. Nb1 Ne4 11. Nh4 Bg6 12. Nxg6 hxg6 13. f3 Nd6 14. Qd3 Rc8
15. e4 dxc4 16. bxc4 e5 17. Rd1 Qb6 18. Kh1 Rcd8 19. Nc3 Qa6 20. Rf1 Rfe8 21.
f4 exf4 22. gxf4 c5 23. e5 Nf5 24. d5 Nd4 25. Ne4 b6 26. Nd6 Re7 27. Rfe1 Nf8
28. Nb5 Nf5 29. Bh3 Nh6 30. Qf3 Qa4 31. d6 Ree8 32. Nc7 1-0

[Event "Österreichische Meisterschaften"]
[Site "Imst"]
[Date "2008.03.17"]
[Round "2.8"]
[White "Dimitriadis, Philipp"]
[Black "Hillbrand, Johannes"]
[Result "0-1"]
[WhiteElo "1696"]
[BlackElo "1840"]
[PlyCount "52"]
[EventDate "2008.03.17"]

1. e4 c5 2. Nf3 Nc6 3. d4 cxd4 4. Nxd4 g6 5. Be3 Bg7 6. Nc3 Nf6 7. Bc4 O-O 8.
O-O Nxe4 9. Bxf7+ Rxf7 10. Nxe4 d5 11. Ng5 Rf6 12. c3 e5 13. Nb3 h6 14. Nf3 Bg4
15. h3 Bxf3 16. gxf3 Rf5 17. Kg2 d4 18. cxd4 exd4 19. Bd2 Ne5 20. f4 Qd5+ 21.
Kg3 Nc4 22. Rb1 Nxd2 23. Qxd2 g5 24. Rg1 Rxf4 25. Rg2 Be5 26. Qd1 Rf3+ 0-1

[Event "Österreichische Meisterschaften"]
[Site "Imst"]
[Date "2008.03.17"]
[Round "2.9"]
[White "Menezes, Christoph"]
[Black "Allram, Sebastian"]
[Result "1/2-1/2"]
[WhiteElo "1776"]
[BlackElo "1632"]
[PlyCount "57"]
[EventDate "2008.03.17"]

1. d4 Nf6 2. c4 e5 3. dxe5 Ng4 4. Bf4 Bb4+ 5. Nd2 Qe7 6. Ngf3 Nc6 7. e3 Ngxe5
8. Nxe5 Nxe5 9. Be2 d6 10. O-O Bxd2 11. Qxd2 O-O 12. Rac1 b6 13. Bxe5 Qxe5 14.
Qd5 Be6 15. Qxe5 dxe5 16. Rfd1 Rfd8 17. b3 c5 18. Bf3 Rac8 19. Bb7 Rb8 20. e4
f6 21. Bc6 Kf7 22. f3 Ke7 23. Kf2 Rd4 24. Ke2 Kd6 25. Bd5 Rc8 26. Rd3 Rc7 27.
Rcd1 a5 28. Rxd4 cxd4 29. Bxe6 1/2-1/2

[Event "Österreichische Meisterschaften"]
[Site "Imst"]
[Date "2008.03.17"]
[Round "2.10"]
[White "Müller, Florian"]
[Black "Dalnodar, Bernhard"]
[Result "0-1"]
[WhiteElo "1508"]
[BlackElo "1722"]
[PlyCount "46"]
[EventDate "2008.03.17"]

1. c4 Nf6 2. Nc3 g6 3. d3 Bg7 4. Nf3 O-O 5. g3 d6 6. Bg2 e5 7. O-O Nc6 8. Bg5
h6 9. Bd2 Ne8 10. Qc1 Kh7 11. a3 f5 12. e3 g5 13. Ne2 g4 14. Ne1 h5 15. h4 gxh3
16. Bxh3 Bh6 17. b4 f4 18. Bxc8 fxe3 19. Bxe3 Bxe3 20. Qxe3 Rxc8 21. b5 Na5 22.
Qxa7 b6 23. Nf3 Rxf3 0-1

[Event "Österreichische Meisterschafte"]
[Site "Imst"]
[Date "2008.03.18"]
[Round "3.1"]
[White "Halvax, Georg"]
[Black "Schreiner, Peter"]
[Result "1-0"]
[WhiteElo "2140"]
[BlackElo "2128"]
[PlyCount "69"]
[EventDate "2008.03.17"]

1. e4 c6 2. d4 d5 3. e5 c5 4. c3 Nc6 5. h3 cxd4 6. cxd4 Bf5 7. Bd3 Bxd3 8. Qxd3
Rc8 9. Nc3 e6 10. Nge2 Nge7 11. O-O h5 12. a3 Nf5 13. b4 h4 14. Bd2 Be7 15. b5
Nb8 16. Rfc1 O-O 17. Nf4 Qd7 18. Nd1 Bg5 19. Nxe6 Qxe6 20. Bxg5 Nd7 21. Ne3
Nxe3 22. Qxe3 Nb6 23. Bxh4 Nc4 24. Qg3 Kh8 25. Bg5 Qf5 26. Rc3 Rfe8 27. Rf3 Qg6
28. Qh4+ Kg8 29. Rg3 Qh7 30. Qg4 Kh8 31. Qd7 Nb6 32. Qxf7 Rf8 33. Qxb7 Qf5 34.
Bf6 Rxf6 35. Qxg7# 1-0

[Event "Österreichische Meisterschafte"]
[Site "Imst"]
[Date "2008.03.18"]
[Round "3.2"]
[White "Schnegg, Daniel"]
[Black "Azad, Razik"]
[Result "1-0"]
[WhiteElo "2102"]
[BlackElo "2045"]
[PlyCount "109"]
[EventDate "2008.03.17"]

1. e4 e5 2. Nf3 Nc6 3. Bb5 a6 4. Ba4 Nf6 5. Qe2 b5 6. Bb3 Be7 7. c3 O-O 8. O-O
d6 9. h3 Nb8 10. Rd1 c5 11. d4 Qc7 12. d5 c4 13. Bc2 Nbd7 14. b4 a5 15. a4 axb4
16. cxb4 bxa4 17. Nc3 Nb6 18. Be3 Bd7 19. b5 Rfb8 20. Bxb6 Rxb6 21. Bxa4 Be8
22. Nd2 Rc8 23. Rdb1 Qc5 24. Qe3 Qd4 25. Rb4 Nd7 26. Rc1 Rb7 27. Qe1 Bg5 28.
Ncb1 Bxd2 29. Nxd2 Nb6 30. Nb3 cxb3 31. Rxd4 Rxc1 32. Qxc1 exd4 33. Bxb3 Bxb5
34. Qd2 d3 35. Qb4 Nc8 36. Ba4 d2 37. Bd1 h6 38. Qxd2 Re7 39. Qa5 Be8 40. Qd8
Rxe4 41. Qxc8 Re1+ 42. Kh2 Rxd1 43. Qxe8+ Kh7 44. Qxf7 Rd2 45. f4 Rd4 46. f5
Rf4 47. g3 Rf3 48. Kg2 Ra3 49. f6 Ra2+ 50. Kf1 Ra1+ 51. Ke2 Ra2+ 52. Kd1 Ra1+
53. Kc2 Ra2+ 54. Kb1 Ra7 55. Qxa7 1-0

[Event "Österreichische Meisterschafte"]
[Site "Imst"]
[Date "2008.03.18"]
[Round "3.3"]
[White "Singer, Gerald"]
[Black "Hartl, Daniel"]
[Result "0-1"]
[WhiteElo "1869"]
[BlackElo "2096"]
[PlyCount "112"]
[EventDate "2008.03.17"]

1. d4 d5 2. c4 c6 3. cxd5 cxd5 4. Nf3 Nf6 5. Bf4 Bf5 6. e3 e6 7. Bd3 Bg6 8. O-O
Be7 9. Nc3 Nh5 10. Bg3 Nxg3 11. hxg3 Nc6 12. Rc1 O-O 13. Bxg6 hxg6 14. a3 Na5
15. Nd2 Rc8 16. Na4 b6 17. b4 Nb7 18. Qb3 Qd7 19. Nf3 f6 20. Nb2 Nd6 21. Qd3 g5
22. Nd2 Kf7 23. f3 b5 24. Nb1 Nc4 25. Nxc4 bxc4 26. Qc2 Bd6 27. f4 gxf4 28.
gxf4 Rh8 29. Nc3 a5 30. Qb2 axb4 31. axb4 Qe7 32. Rb1 Rb8 33. b5 Ba3 34. Qc2
Bb4 35. Rb2 Ra8 36. Rfb1 Bxc3 37. Qxc3 Ra3 38. Qc1 Rb8 39. Rb4 Ra2 40. b6 Rb7
41. R1b2 Rxb2 42. Qxb2 Qd6 43. Kf2 Qc6 44. Ke2 g5 45. g3 Qc8 46. Qb1 Qh8 47.
Kd2 gxf4 48. gxf4 Qh2+ 49. Kc3 f5 50. Qe1 Qa2 51. Qb1 Qa3+ 52. Kd2 Kf6 53. Ke2
Rh7 54. Kf2 Rh3 55. Qe1 Qa2+ 56. Kg1 Qh2+ 0-1

[Event "Österreichische Meisterschafte"]
[Site "Imst"]
[Date "2008.03.18"]
[Round "3.4"]
[White "Riemelmoser, Stefan"]
[Black "Hofmann, Thomas"]
[Result "1-0"]
[WhiteElo "1880"]
[BlackElo "1944"]
[PlyCount "96"]
[EventDate "2008.03.17"]

1. e4 c5 2. Nf3 a6 3. d4 cxd4 4. Nxd4 Nf6 5. Nc3 e5 6. Nf5 d5 7. Bg5 d4 8. Bxf6
gxf6 9. Ne2 Bxf5 10. exf5 Bh6 11. a3 Nc6 12. Qd3 Qb6 13. Rb1 O-O-O 14. g3 Rhe8
15. Bg2 Qa5+ 16. b4 Qb5 17. O-O Qxd3 18. cxd3 Na7 19. a4 Kb8 20. b5 axb5 21.
axb5 Rd6 22. Rb2 Rb6 23. Ra1 Rxb5 24. Rba2 Nc8 25. Ra8+ Kc7 26. g4 Nd6 27. Rxe8
Nxe8 28. Ng3 Nd6 29. h4 Bf4 30. Nh5 Rb3 31. Rd1 b5 32. Nxf6 Kd8 33. Nd5 b4 34.
Nxf4 exf4 35. Bd5 Rb2 36. Kg2 Ke7 37. Kf3 Nb5 38. Re1+ Kd8 39. Bxf7 Nc3 40. Bc4
Nb1 41. f6 Nd2+ 42. Kxf4 Nxc4 43. dxc4 Rxf2+ 44. Ke4 Rxf6 45. Rd1 Re6+ 46. Kd5
Re7 47. Kc5 Kc7 48. Kxb4 Re4 1-0

[Event "Österreichische Meisterschafte"]
[Site "Imst"]
[Date "2008.03.18"]
[Round "3.5"]
[White "Hillbrand, Johannes"]
[Black "Binder, Michael"]
[Result "0-1"]
[WhiteElo "1840"]
[BlackElo "2175"]
[PlyCount "96"]
[EventDate "2008.03.17"]

1. e4 e5 2. Nf3 Nc6 3. Bb5 a6 4. Ba4 Nf6 5. d3 d6 6. Bg5 Be7 7. c3 O-O 8. O-O
Bg4 9. Bc2 d5 10. Bxf6 Bxf6 11. Nbd2 d4 12. h3 Bh5 13. Re1 Bg6 14. Nb3 Qd6 15.
cxd4 exd4 16. Qd2 Be7 17. g4 Qf6 18. Nh2 Bb4 19. Qe2 Bxe1 20. Rxe1 Qf4 21. Nd2
f6 22. Bb3+ Bf7 23. Bxf7+ Rxf7 24. a3 Ne5 25. Ndf3 Nxf3+ 26. Qxf3 Qxf3 27. Nxf3
c5 28. Rc1 b6 29. Nd2 Rc7 30. Kf1 g5 31. Nc4 Rc6 32. Ke2 Kf7 33. f4 h6 34. fxg5
hxg5 35. Kf3 Ke6 36. b3 Kd7 37. Nd2 b5 38. Kg3 a5 39. Nf3 a4 40. bxa4 Rxa4 41.
e5 Rxa3 42. e6+ Rxe6 43. Rxc5 Rxd3 44. Rd5+ Ke7 45. Rxb5 Ree3 46. Rf5 Ke6 47.
Kf2 Rxf3+ 48. Rxf3 Rxf3+ 0-1

[Event "Österreichische Meisterschafte"]
[Site "Imst"]
[Date "2008.03.18"]
[Round "3.6"]
[White "Schnegg, Martin"]
[Black "Stagl, Marco"]
[Result "1-0"]
[WhiteElo "2057"]
[BlackElo "1845"]
[PlyCount "51"]
[EventDate "2008.03.17"]

1. e4 d5 2. exd5 Qxd5 3. Nc3 Qa5 4. Nf3 Nf6 5. Bc4 Bf5 6. O-O c6 7. d3 e6 8.
Bd2 Qc7 9. Re1 Nbd7 10. Ne2 O-O-O 11. Nfd4 Nb6 12. Nxf5 Nxc4 13. Ne3 Nxd2 14.
Qxd2 h5 15. Ng3 Bd6 16. Ngf1 Ng4 17. Nxg4 hxg4 18. g3 Rh5 19. Re4 f5 20. Rxe6
f4 21. Qe2 fxg3 22. Rxd6 gxf2+ 23. Kh1 Rdh8 24. Qxg4+ Kb8 25. Qg3 Rh3 26. Rd8+
1-0

[Event "Österreichische Meisterschafte"]
[Site "Imst"]
[Date "2008.03.18"]
[Round "3.7"]
[White "Wertjanz, David"]
[Black "Dalnodar, Bernhard"]
[Result "1-0"]
[WhiteElo "2031"]
[BlackElo "1722"]
[PlyCount "87"]
[EventDate "2008.03.17"]

1. e4 c5 2. Nf3 Nc6 3. d4 cxd4 4. Nxd4 Nf6 5. Nc3 e5 6. Ndb5 d6 7. Bg5 a6 8.
Na3 b5 9. Nd5 Be7 10. Bxf6 Bxf6 11. c3 O-O 12. Nc2 Bg5 13. a4 bxa4 14. Rxa4 a5
15. Bc4 Rb8 16. b3 Kh8 17. O-O f5 18. Re1 f4 19. f3 Be6 20. Qd2 Bxd5 21. Bxd5
Rf6 22. Rea1 Rf8 23. Qf2 Qc7 24. Rc4 Rb6 25. b4 Rfb8 26. b5 Rxb5 27. Bxc6 Rb1+
28. Rxb1 Rxb1+ 29. Ne1 Qb8 30. Ba4 Bd8 31. Kf1 Bb6 32. Qe2 Bd8 33. Bc2 Ra1 34.
Ra4 Rc1 35. Qd2 Qb2 36. Qxd6 Rxe1+ 37. Kxe1 Qc1+ 38. Qd1 Qe3+ 39. Qe2 Bh4+ 40.
Kf1 Qc5 41. Rc4 Qf8 42. Qd3 h6 43. Qd7 Kh7 44. Qf5+ 1-0

[Event "Österreichische Meisterschafte"]
[Site "Imst"]
[Date "2008.03.18"]
[Round "3.8"]
[White "Allram, Sebastian"]
[Black "Nussbaumer, Daniel"]
[Result "0-1"]
[WhiteElo "1632"]
[BlackElo "1642"]
[PlyCount "122"]
[EventDate "2008.03.17"]

1. c4 e5 2. g3 g6 3. Nc3 Nc6 4. Bg2 Bg7 5. e4 d6 6. Nge2 f5 7. d3 Nf6 8. O-O
O-O 9. Be3 Ng4 10. Bd2 Be6 11. f3 Nf6 12. Nd5 Qd7 13. Be3 Nd8 14. b3 Nh5 15.
Qd2 f4 16. gxf4 exf4 17. Bd4 Bxd4+ 18. Nxd4 Bh3 19. Nxc7 Bxg2 20. Nxa8 Bxf1 21.
Rxf1 Qc8 22. Qb4 Qxa8 23. Qxd6 Nf7 24. Qb4 a5 25. Qc3 Qc8 26. Qd2 Qc5 27. Qf2
Ng5 28. Kg2 Rd8 29. Nc2 Qxf2+ 30. Kxf2 Rxd3 31. Ke2 Rd7 32. Rg1 Ne6 33. Rd1
Rxd1 34. Kxd1 Kf7 35. Kd2 Ke7 36. Kd3 Kd6 37. a3 Nf6 38. b4 Nd7 39. c5+ Kc6 40.
Ne1 Kb5 41. Kc3 axb4+ 42. axb4 Ne5 43. h4 g5 44. hxg5 Nxg5 45. Ng2 Nexf3 46.
Nxf4 Nxe4+ 47. Kd3 Neg5 48. Nd5 h5 49. Ke3 Kc4 50. c6 bxc6 51. Ne7 Kb5 52. Kf2
h4 53. Nxc6 Kxc6 54. Kg2 Kb5 55. Kh1 Kxb4 56. Kg2 Kc4 57. Kh1 Kd3 58. Kg2 Ke3
59. Kh1 Ne4 60. Kg2 Nfg5 61. Kf1 Kf3 0-1